Robin Hobb Bibliography - Statistics

General Stats
  • This quiz has been taken 27 times
    9 since last reset
  • The average score is 15 of 61
Answer Stats
Type Year Name % Correct
Novel 1998 Ship of Magic
100%
Novel 1995 Assassin's Apprentice
83%
Novel 2017 Assassin's Fate
83%
Novel 1997 Assassin's Quest
83%
Novel 2011 City of Dragons
83%
Novel 2003 Fool's Fate
83%
Novel 2015 Fool's Quest
83%
Novel 1996 Royal Assassin
83%
Novel 2000 Ship of Destiny
83%
Novel 1999 The Mad Ship
83%
Novel 2010 Dragon Haven
67%
Novel 2009 Dragon Keeper
67%
Novel 2001 Fool's Errand
67%
Novel 2005 Shaman's Crossing
67%
Novel 2013 Blood of Dragons
50%
Novel 2014 Fool's Assassin
50%
Novel 2002 The Golden Fool
50%
Novel 1991 Cloven Hooves
33%
Novel 2006 Forest Mage
33%
Novel 1983 Harpy's Flight
33%
Novel 2008 Renegade's Magic
33%
Novelette 2000 The Inheritance
33%
Novella 2013 The Willful Princess and the Piebald Prince
33%
Novel 1985 Wizard of the Pigeons
33%
Novel 1992 Alien Earth
17%
Novella 2003 Homecoming
17%
Short Story 2021 A Dime
0%
Novella 1989 A Touch of Lavender
0%
Novelette 2010 Blue Boots
0%
Short Story 1979 Bones for Dulath
0%
Novella 2011 Cat's Meat
0%
Novelette 2018 Community Service
0%
Short Story 2001 Cut
0%
Short Story 2011 Drum Machine
0%
Short Story 1981 Faunsdown Cottage
0%
Short Story 2011 Finis
0%
Short Story 2020 Generations
0%
Novelette 2021 Giving Up the Ghost
0%
Novelette 2005 Grace Notes
0%
Novelette 2017 Her Father's Sword
0%
Novel 1989 Luck of the Wheels
0%
Novelette 2013 Neighbors
0%
Novelette 2012 Old Paint
0%
Short Story 2019 Second Chances
0%
Short Story 1981 Shadow Box
0%
Novelette 1989 Silver Lady and the Fortyish Man
0%
Novelette 1998 Strays
0%
Novelette 1983 Superior Graphics
0%
Short Story 1981 The Beholder
0%
Novelette 1994 The Fifth Squashed Cat
0%
Novel 1992 The Gypsy
0%
Short Story Collection 2011 The Inheritance & Other Stories
0%
Novel 1984 The Limbreth Gate
0%
Short Story 1979 The Poaching
0%
Novel 1988 The Reindeer People
0%
Novelette 1980 The Small One
0%
Novelette 2010 The Triumph
0%
Short Story 1988 The Unicorn in the Maze
0%
Novel 1984 The Windsingers
0%
Novel 1988 Wolf's Brother
0%
Short Story 2009 Words Like Coins
0%
No matching quizzes found
Score Distribution
Percent of People with Each Score
Percentile by Number Answered
Your Score History
You have not taken this quiz since the last reset